000 00398pab a2200169 454500
008 180718b2008 xxu||||| |||| 00| 0 eng d
100 _aRamachandran, Prema
245 _aChild rights: dual nutrition burden in children
260 _c2008
300 _ap.30-34.
362 _aNov
650 _aNutrition
650 _aRights of the child
773 _aYojana
908 _aN
909 _a80695
999 _c80695
_d80695